Southville International School and Colleges
Your cart is empty.
  • Cart
  • Lists
    Public lists Eva Luna New books Lux_list list_1
    Your lists Log in to create your own lists
  • Log in to your account
  • Your cookies
  • Search history
Southville International School and Colleges
  • Advanced search
  • Recent comments
  • Most popular
  • Libraries

Log in to your account

Log in with GOOGLE


If you do not have an external account, but do have a local account, you can still log in:

  1. Home
  2. MARC view: Fruits :
Normal view MARC view ISBD view

Fruits : (Record no. 104968)

[ view plain ]
MARC details
000 -LEADER
fixed length control field 00477nam a2200169 a 4500
005 - DATE AND TIME OF LATEST TRANSACTION
control field 20140412111333.0
008 - FIXED-LENGTH DATA ELEMENTS--GENERAL INFORMATION
fixed length control field 050411s19uu xx 00 eng d
050 ## - LIBRARY OF CONGRESS CALL NUMBER
Classification number TR(GS 634
Item number Fr944
245 ## - TITLE STATEMENT
Title Fruits :
Remainder of title mga prutas.
260 ## - PUBLICATION, DISTRIBUTION, ETC. (IMPRINT)
Place of publication, distribution, etc Makati City :
Name of publisher, distributor, etc Sterling Place.
300 ## - PHYSICAL DESCRIPTION
Extent 1 v. (unp.) ; ill.
440 ## - SERIES STATEMENT/ADDED ENTRY--TITLE
Title Picture Book
520 ## - SUMMARY, ETC.
Summary, etc Different kinds of Filipino fruits.
650 ## - SUBJECT ADDED ENTRY--TOPICAL TERM
Topical term or geographic name as entry element Fruits
General subdivision Juvenile literature
650 ## - SUBJECT ADDED ENTRY--TOPICAL TERM
Topical term or geographic name as entry element Picture book of words
Holdings
Withdrawn status Lost status Damaged status Home library Current library Shelving location Date acquired Source of acquisition Cost, normal purchase price Total Checkouts Full call number Barcode Date last seen Price effective from Koha item type
      Elizalde Library Elizalde Library Teachers Reference Section 04/11/2005   29.75   TR(GS 634 Fr944 E9171 04/12/2014 04/12/2014 Books

Fruits :

APA

Fruits. Makati City: Sterling Place.

Chicago

Fruits. Makati City: Sterling Place.

Harvard

Fruits. Makati City: Sterling Place.

MLA

Makati City: Sterling Place. .

  • Place hold
  • Print
  • Cite
  • Add to your cart (remove)
  • Save record
    BIBTEX Dublin Core MARCXML MARC (non-Unicode/MARC-8) MARC (Unicode/UTF-8) MARC (Unicode/UTF-8, Standard) MODS (XML) RIS
  • More searches
    Search for this title in:
    Other Libraries (WorldCat) Other Databases (Google Scholar) Online Stores (Bookfinder.com) Open Library (openlibrary.org)

Exporting to Dublin Core...

SOUTHVILLE LIBRARY

Southville International School and Colleges Library

1281 Tropical Ave. Cor. Luxembourg St., BF Homes International, Las Pinas City

Tel. No. 8256374 / 252358 Loc. 117/146

Powered by Koha